| 000 | 00568nam a22001577a 4500 | ||
|---|---|---|---|
| 003 | NUST | ||
| 082 | _a200 | ||
| 100 |
_aMalik, Iqra Imtiaz _997720 |
||
| 245 |
_aMeasuring the Effects of Inquiry-Based Pedagogy in a Web Enhanced Learning Environment at Secondary Level / _cIqra Imtiaz Malik |
||
| 264 |
_aIslamabad : _bSEECS, NUST, _c2022. |
||
| 300 | _a73 p. ; | ||
| 650 |
_aMS- Innovative Technologies in Learning _9125075 |
||
| 700 |
_aSupervisor: Dr. Safdar Abbas Khan _997418 |
||
| 856 | _uhttp://10.250.8.41:8080/xmlui/handle/123456789/30053 | ||
| 942 |
_2ddc _cSC |
||
| 999 |
_c591143 _d591143 |
||